000
00118nam a22000737a 4500
082
_a
001
245
_a
DINOSARUS
942
_c
BK
999
_c
6699
_d
6699